<?xml version="1.0" encoding="UTF-8"?>
<marc:record xmlns:marc="http://www.loc.gov/MARC21/slim">
   <marc:leader>00000nam a2200000 a 4500</marc:leader>
   <marc:datafield ind1="1" ind2=" " tag="100">
      <marc:subfield code="a">Gayl, Reinhold</marc:subfield>
      <marc:subfield code="4">aut</marc:subfield>
      <marc:subfield code="e">Verfasser/-in</marc:subfield>
   </marc:datafield>
   <marc:datafield ind1="1" ind2=" " tag="100">
      <marc:subfield code="a">Erkyn, Ingrid</marc:subfield>
      <marc:subfield code="4">aut</marc:subfield>
      <marc:subfield code="e">Verfasser/-in</marc:subfield>
   </marc:datafield>
   <marc:datafield ind1=" " ind2=" " tag="653">
      <marc:subfield code="a">Naturschutz</marc:subfield>
   </marc:datafield>
   <marc:datafield ind1=" " ind2=" " tag="653">
      <marc:subfield code="a">Bürgerbeteiligung</marc:subfield>
   </marc:datafield>
   <marc:datafield ind1=" " ind2=" " tag="653">
      <marc:subfield code="a">Donauau</marc:subfield>
   </marc:datafield>
   <marc:datafield ind1=" " ind2=" " tag="653">
      <marc:subfield code="a">Bürgerprotest</marc:subfield>
   </marc:datafield>
   <marc:datafield ind1=" " ind2=" " tag="653">
      <marc:subfield code="a">Landschaftsschutz</marc:subfield>
   </marc:datafield>
   <marc:datafield ind1="0" ind2="0" tag="245">
      <marc:subfield code="a">Die Au</marc:subfield>
   </marc:datafield>
   <marc:datafield ind1=" " ind2="1" tag="264">
      <marc:subfield code="a">Salzburg (u.a.)</marc:subfield>
      <marc:subfield code="b">Neugebauer Press</marc:subfield>
      <marc:subfield code="c">1990</marc:subfield>
   </marc:datafield>
   <marc:datafield ind1="1" ind2=" " tag="520">
      <marc:subfield code="a">PZ 1/91*42 Man mag darüber diskutieren, ob die Alpenrepublik zu Recht als naturbewußte Nation gilt. Zweifellos jedoch geht diese Wohlmeinung auch auf den couragierten Einsatz tausender Naturschützer für die Donauauen zwischen Wien und Hainburg zurück, welcher Österreich im Winter 1984/85 erschütterte - und die Regierung zum Nachdenken bewegte. Als vorläufiges Fazit ist festzuhalten, daß eine der ökologisch kostbarsten Landstriche Mitteleuropas vorerst dem zivilisatorischen Würgegriff entzogen werden konnte. Wer diesen, im Grunde mit Worten nur unzulänglich zu beschreibenden Bildband zur Hand nimmt, wird ermessen, welch unwiderbringliches Kleinod hier gerettet und, so ist zu hoffen, auch für kommende Generationen bewahrt werden konnte. Der Kauf dieses Buches stellt den Erwerb und Schutz eines Quadratmeters Aulandschaft sicher: Wohl eine der schönsten Formen von Grundbesitz, die es verdiente, auch an anderer Stelle erprobt zu werden.</marc:subfield>
   </marc:datafield>
   <marc:datafield ind1="0" ind2=" " tag="490">
      <marc:subfield code="v">0</marc:subfield>
   </marc:datafield>
   <marc:datafield ind1=" " ind2=" " tag="300">
      <marc:subfield code="a">o. S.</marc:subfield>
   </marc:datafield>
</marc:record>
